Environmental Risk Assessment : (Record no. 17144)
[ view plain ]
| 000 -LEADER | |
|---|---|
| fixed length control field | 00838cam a22002417a 4500 |
| 001 - CONTROL NUMBER | |
| control field | 14013117 |
| 005 - DATE AND TIME OF LATEST TRANSACTION | |
| control field | 20121219123158.0 |
| 008 - FIXED-LENGTH DATA ELEMENTS--GENERAL INFORMATION | |
| fixed length control field | 050623s2006 gw a b 001 0 eng d |
| 020 ## - INTERNATIONAL STANDARD BOOK NUMBER | |
| International Standard Book Number | 3642065724 |
| 020 ## - INTERNATIONAL STANDARD BOOK NUMBER | |
| International Standard Book Number | 9783642065729 |
| 082 00 - DEWEY DECIMAL CLASSIFICATION NUMBER | |
| Classification number | 333.714 |
| Edition number | 22 |
| Item number | LER |
| 100 1# - MAIN ENTRY--PERSONAL NAME | |
| Personal name | Lerche, I. |
| Fuller form of name | (Ian) |
| 9 (RLIN) | 31736 |
| 245 10 - TITLE STATEMENT | |
| Title | Environmental Risk Assessment : |
| Remainder of title | Quantitative Measures, Anthropogenic Influences, Human Impact / |
| Statement of responsibility, etc | Ian Lerche, Walter Glaesser. |
| 260 ## - PUBLICATION, DISTRIBUTION, ETC. (IMPRINT) | |
| Place of publication, distribution, etc | Berlin : |
| Name of publisher, distributor, etc | Springer, |
| Date of publication, distribution, etc | 2006. |
| 300 ## - PHYSICAL DESCRIPTION | |
| Extent | xii, 343 p. : |
| Other physical details | ill. ; |
| Dimensions | 25 cm. |
| 504 ## - BIBLIOGRAPHY, ETC. NOTE | |
| Bibliography, etc | Includes bibliographical references (p. [329]-339) and index. |
| 650 #0 - SUBJECT ADDED ENTRY--TOPICAL TERM | |
| Topical term or geographic name as entry element | Environmental impact analysis. |
| 9 (RLIN) | 31737 |
| 650 #0 - SUBJECT ADDED ENTRY--TOPICAL TERM | |
| Topical term or geographic name as entry element | Risk assessment. |
| 9 (RLIN) | 31738 |
| 650 #0 - SUBJECT ADDED ENTRY--TOPICAL TERM | |
| Topical term or geographic name as entry element | Health risk assessment. |
| 9 (RLIN) | 31739 |
| 653 ## - INDEX TERM--UNCONTROLLED | |
| Resource For college | |
| Arrived date list | December2012 |
| 700 1# - ADDED ENTRY--PERSONAL NAME | |
| Personal name | Glasser, Walter. |
| 9 (RLIN) | 31740 |
| 942 ## - ADDED ENTRY ELEMENTS (KOHA) | |
| Source of classification or shelving scheme | Dewey Decimal Classification |
| Item type | Book - Borrowing |
| Withdrawn status | Item status | Source of classification or shelving scheme | Damaged status | Not for loan | Vendor | Home library | Current library | Shelving location | Date acquired | Source of acquisition | Cost, normal purchase price | Total Checkouts | Full call number | Barcode | Date last seen | Koha item type | Total Renewals | Date last borrowed |
|---|---|---|---|---|---|---|---|---|---|---|---|---|---|---|---|---|---|---|
| Dewey Decimal Classification | Baccah | Central Library | Central Library | First floor | 19/12/2012 | 690.00 | 333.714 LER | 000027892 | 15/07/2025 | NB - Book (Non borrowing) | ||||||||
| Dewey Decimal Classification | Baccah | Central Library | Central Library | First floor | 19/12/2012 | 690.00 | 1 | 333.714 LER | 000027893 | 15/07/2025 | Book - Borrowing | 1 | 04/09/2013 | |||||
| Dewey Decimal Classification | Baccah | Central Library | Central Library | First floor | 19/12/2012 | 690.00 | 333.714 LER | 000027894 | 15/07/2025 | Book - Borrowing |